[Event "Mittelrhein Verbandsliga Nord 1920"]
[Site "Mittelrhein"]
[Date "2020.02.16"]
[Round "6.5"]
[White "Bruchmann, Siegfried"]
[Black "Blomeyer, Peter"]
[Result "1/2-1/2"]
[WhiteElo "1846"]
[BlackElo "1775"]
[PlyCount "106"]
[EventDate "2019.09.29"]
[EventType "team-tourn"]
[EventRounds "9"]
[EventCountry "GER"]
[SourceTitle "EXT 2023"]
[Source "ChessBase"]
[SourceDate "2022.10.05"]
[SourceVersion "1"]
[SourceVersionDate "2022.10.05"]
[SourceQuality "1"]
[WhiteTeam "Troisdorf"]
[BlackTeam "Leverkusen Koenigsspringer"]
[WhiteTeamCountry "GER"]
[BlackTeamCountry "GER"]

1. e4 d6 2. d4 Nf6 3. Nc3 e5 4. dxe5 dxe5 5. Qxd8+ Kxd8 6. Bg5 Be6 7. Nf3 Nbd7 8. 0-0-0 Kc8 9. Kb1 c6 10. Bd3 Kc7 11. h3 Ne8 12. Be3 f6 13. Nd2 b5 14. f4 exf4 15. Bxf4+ Bd6 16. Bxd6+ Nxd6 17. Nf3 Rae8 18. Nd4 Ne5 19. Nce2 a6 20. Nxe6+ Rxe6 21. Nd4 Re7 22. Nf5 Nxf5 23. exf5 Rd8 24. Be2 Red7 25. Kc1 c5 26. Rxd7+ Rxd7 27. Rd1 Rxd1+ 28. Kxd1 Kd6 29. a4 c4 30. axb5 axb5 31. Kd2 Kc5 32. Ke3 Nc6 33. Bf3 Nd4 34. Be4 b4 35. g4 Nb5 36. h4 h6 37. Bf3 Nd6 38. Kf4 Kd4 39. Bc6 Nf7 40. Bd7 c3 41. bxc3+ Kxc3 42. Ba4 Ne5 43. g5 hxg5+ 44. hxg5 Nc4 45. gxf6 gxf6 46. Ke4 Nd6+ 47. Kf4 Nb7 48. Bc6 Nc5 49. Ke3 Kxc2 50. Kd4 Na6 51. Kc4 Nc7 52. Kxb4 Kd3 53. Kc5 Ke3 1/2-1/2

[Event "Leverkusen-ch op"]
[Site "Leverkusen"]
[Date "2008.02.25"]
[Round "4"]
[White "Blomeyer, Peter"]
[Black "Puetzkaul, Karl"]
[Result "1-0"]
[WhiteElo "1855"]
[BlackElo "1853"]
[PlyCount "177"]
[EventDate "2008.01.14"]
[EventType "swiss"]
[EventRounds "7"]
[EventCountry "GER"]
[SourceTitle "EXT 2010"]
[Source "ChessBase"]
[SourceDate "2010.11.25"]
[SourceVersion "1"]
[SourceVersionDate "2010.11.25"]
[SourceQuality "1"]

1. c4 Nf6 2. Nc3 e5 3. g3 d5 4. cxd5 Nxd5 5. Bg2 Nb6 6. d3 Be7 7. Nf3 Nc6 8. 0-0 0-0 9. a3 Be6 10. b4 f6 11. Ne4 a5 12. b5 Nd4 13. Nxd4 exd4 14. Qc2 Bd5 15. Bf4 c6 16. bxc6 Bxc6 17. Bd2 f5 18. Ng5 Bxg2 19. Kxg2 Qd5+ 20. Nf3 Nd7 21. Qa2 Qxa2 22. Rxa2 Bc5 23. Rb1 b6 24. a4 Rfe8 25. Bf4 h6 26. h4 Re6 27. Rc2 Rae8 28. Kf1 Nf6 29. Bc1 Nd5 30. Bb2 Nb4 31. Rd2 Rd8 32. Rc1 Red6 33. Ba3 Rd5 34. Rc4 Kf7 35. Rd1 g6 36. Bc1 Kg7 37. Bb2 Kf7 38. Ra1 Nc6 39. Nd2 Ne5 40. Rc2 R8d6 41. Nb3 Nd7 42. Bc1 Kg7 43. Ba3 Bxa3 44. Rxa3 Kf6 45. Ra1 g5 46. hxg5+ hxg5 47. Rac1 b5 48. Nxa5 bxa4 49. Nc4 Ra6 50. Rb1 Ke6 51. Ra2 Nc5 52. Rb4 Rd7 53. Rb5 Rc7 54. Ke1 Nd7 55. Kd2 Rca7 56. g4 fxg4 57. Rxg5 Nf6 58. e3 dxe3+ 59. fxe3 a3 60. e4 Rh7 61. Rxa3 Rxa3 62. Nxa3 Rh2+ 63. Ke3 Rh3+ 64. Kd4 g3 65. Nc4 Nh5 66. Ne3 Nf4 67. Kc4 g2 68. Nxg2 Nxd3 69. Kd4 Rf3 70. Rg6+ Ke7 71. Rb6 Nf4 72. Nxf4 Rxf4 73. Kd5 Rf2 74. Rb7+ Kd8 75. e5 Rd2+ 76. Ke6 Rh2 77. Rg7 Rh6+ 78. Kd5 Ke8 79. Ra7 Rh5 80. Kd6 Rh6+ 81. e6 Kf8 82. Ra8+ Kg7 83. Ke7 Rh7 84. Rf8 Kg6+ 85. Rf7 Rh8 86. Rf1 Rh7+ 87. Kd8 Rh8+ 88. Kd7 Rh7+ 89. e7 1-0

[Event "Leverkusen-ch op"]
[Site "Leverkusen"]
[Date "2008.02.11"]
[Round "3"]
[White "Becker, Rainer"]
[Black "Blomeyer, Peter"]
[Result "1/2-1/2"]
[WhiteElo "1979"]
[BlackElo "1855"]
[PlyCount "62"]
[EventDate "2008.01.14"]
[EventType "swiss"]
[EventRounds "7"]
[EventCountry "GER"]
[SourceTitle "EXT 2010"]
[Source "ChessBase"]
[SourceDate "2010.11.25"]
[SourceVersion "1"]
[SourceVersionDate "2010.11.25"]
[SourceQuality "1"]

1. Nf3 d6 2. d4 Nf6 3. c4 g6 4. Nc3 Bg7 5. e4 Nbd7 6. Be2 0-0 7. 0-0 c5 8. d5 a6 9. a4 Qc7 10. h3 Ne5 11. Nxe5 dxe5 12. Be3 Bd7 13. Qd2 Ne8 14. f3 Nd6 15. g4 f5 16. exf5 gxf5 17. Bd3 Rf7 18. gxf5 Bxf5 19. Bxf5 Nxf5 20. Ne4 Nd4 21. Qg2 Kh8 22. Ng5 Rf6 23. Bxd4 exd4 24. Ne6 Rxe6 25. dxe6 Rg8 26. Kh1 Bh6 27. Qh2 Bf4 28. Qc2 Rg3 29. Qf5 Rg5 30. Qf8+ Rg8 31. Qf5 Rg5 1/2-1/2